000 00521nam a2200169 i 4500
001 72961
003 ES-MaACL
005 20230906171623.0
007 t|
008 040906s1947 xxu ||||1| eng d
100 1 _aGoldberg, Morris.
_957644
245 1 0 _aEnglish-Spanish Chemical and Medical dictionary /
_cby Morris Goldberg.
250 _a1st ed.
260 _aNew York, etc. :
_bMcGraw-Hill Book Company,
_c1947 (
_fThe Maple Press Company)
300 _aIX, 692 p. ;
_c24 cm.
852 _aES-MaACL
_jC-4483
_bR.24999
999 _c72961
_d72961